Every Shiny Pokémon that has been seen in the Anime - Statistics

General Stats
  • This quiz has been taken 43 times
  • The average score is 12 of 42
Answer Stats
Answer % Correct
Noctowl
83%
Psyduck
69%
Pikachu
62%
Gyarados
59%
Magikarp
59%
Rayquaza
55%
Golurk
38%
Voltorb
38%
Ditto
34%
Gengar
34%
Metagross
34%
Pichu
34%
Genesect
31%
Onix
31%
Dragonair
28%
Guzzlord
28%
Hydreigon
28%
Celebi
24%
Gardevoir
24%
Magneton
24%
Druddigon
21%
Entei
21%
Hawlucha
21%
Phantump
21%
Raikou
21%
Suicune
21%
Zygarde
21%
Ariados
17%
Bagon
17%
Dustox
17%
Mimikyu
17%
Shuckle
17%
Vikavolt
17%
Volcarona
17%
Donphan
14%
Nihilego
14%
Swinub
14%
Tapu Koko
14%
Charjabug
10%
Larvesta
10%
Swellow
10%
Slakoth
7%
No matching quizzes found
Score Distribution
Percent of People with Each Score
Percentile by Number Answered
Your Score History
You have not taken this quiz